| 000 | 00565nam a22002057a 4500 | ||
|---|---|---|---|
| 005 | 20260604112943.0 | ||
| 008 | 260604b |||||||| |||| 00| 0 eng d | ||
| 020 |
_a9789356400634 _c899.00 |
||
| 040 | _aMAIN | ||
| 041 | _aEnglish | ||
| 082 |
_a658.80015 _bPAL |
||
| 100 |
_aPalmatier, Robert W. _927006 |
||
| 245 |
_aMarketing Analytics _b: Based on First Principles |
||
| 260 |
_aNew Dlhi _bBloomsbury _c2022 |
||
| 300 | _a399 | ||
| 650 |
_aCommerce (PM USHA) _926705 |
||
| 700 |
_aAndrew J. Petersen _927007 |
||
| 700 |
_aFrank, Germann _927008 |
||
| 942 | _cBK | ||
| 999 |
_c60990 _d60990 |
||